| 000 | 00734cam a22002413a 4500 | ||
|---|---|---|---|
| 001 | 26049 | ||
| 003 | PGUSA | ||
| 005 | 20140828083548.0 | ||
| 008 | 080713s2008||||xxu|||||s|||||000 | eng d | ||
| 040 |
_aPGUSA _beng |
||
| 042 | _adc | ||
| 050 | 4 | _aDA | |
| 100 | 1 |
_aDorling, H. Taprell _q(Henry Taprell), _d1883-1968 |
|
| 245 | 1 | 0 |
_aStand By! : _bNaval Sketches and Stories _h[electronic resource] / _cH. Taprell Dorling |
| 260 |
_bProject Gutenberg, _c2008 |
||
| 506 | _aPublic domain in the USA. | ||
| 516 | _aElectronic text | ||
| 653 | _aWorld War, 1914-1918 -- Naval operations | ||
| 653 | _aGreat Britain. Royal Navy | ||
| 830 | 0 |
_aProject Gutenberg _v26049 |
|
| 856 | 4 | 0 | _uhttp://www.gutenberg.org/ebooks/26049 |
| 942 | _cEB | ||
| 999 |
_c255304 _d255304 |
||